<?xml version="1.0" encoding="UTF-8"?>
<record
    xmlns:xsi="http://www.w3.org/2001/XMLSchema-instance"
    xsi:schemaLocation="http://www.loc.gov/MARC21/slim http://www.loc.gov/standards/marcxml/schema/MARC21slim.xsd"
    xmlns="http://www.loc.gov/MARC21/slim">

  <leader>02341nam a2200373 a 4500</leader>
  <controlfield tag="001">1582799</controlfield>
  <controlfield tag="003">CO-MqBPB</controlfield>
  <controlfield tag="005">20220824135203.0</controlfield>
  <controlfield tag="008">171219s2017    ck a   gr     000 f spa d</controlfield>
  <datafield tag="020" ind1=" " ind2=" ">
    <subfield code="a">9789584261908</subfield>
  </datafield>
  <datafield tag="020" ind1=" " ind2=" ">
    <subfield code="z">9784261908</subfield>
  </datafield>
  <datafield tag="040" ind1=" " ind2=" ">
    <subfield code="a">CO-MqBPB</subfield>
    <subfield code="b">spa </subfield>
    <subfield code="c">CO-MqBPB</subfield>
  </datafield>
  <datafield tag="041" ind1="1" ind2=" ">
    <subfield code="a">spa </subfield>
    <subfield code="h">eng</subfield>
  </datafield>
  <datafield tag="043" ind1=" " ind2=" ">
    <subfield code="a">n-us---</subfield>
  </datafield>
  <datafield tag="082" ind1="0" ind2="4">
    <subfield code="a">AN</subfield>
    <subfield code="b">BROs </subfield>
  </datafield>
  <datafield tag="100" ind1="1" ind2=" ">
    <subfield code="a">Brown, Dan, </subfield>
    <subfield code="d">1964-</subfield>
  </datafield>
  <datafield tag="245" ind1="1" ind2="3">
    <subfield code="a">El s&#xED;mbolo perdido / </subfield>
    <subfield code="c">Dan Brown ; traducci&#xF3;n de Claudia Conde, Ma. Jos&#xE9; Di&#xE1;z y Aleix Montoto.</subfield>
  </datafield>
  <datafield tag="250" ind1=" " ind2=" ">
    <subfield code="a">Sexta edici&#xF3;n</subfield>
  </datafield>
  <datafield tag="260" ind1=" " ind2=" ">
    <subfield code="a">Bogot&#xE1; , Colombia : </subfield>
    <subfield code="b">Editorial Planeta, </subfield>
    <subfield code="c">2017.</subfield>
  </datafield>
  <datafield tag="300" ind1=" " ind2=" ">
    <subfield code="a">729 p&#xE1;ginas : </subfield>
    <subfield code="b">ilustraciones ; </subfield>
    <subfield code="c">23 cm.</subfield>
  </datafield>
  <datafield tag="490" ind1="0" ind2=" ">
    <subfield code="a">Planeta internacional</subfield>
  </datafield>
  <datafield tag="500" ind1=" " ind2=" ">
    <subfield code="a">El s&#xED;mbolo perdido Por Dan Brown ,Washington. El experto en simbolog&#xED;a Robert Langdon es convocado inesperadamente por Peter Solomon, mas&#xF3;n, fil&#xE1;ntropo y su antiguo mentor, para dar una conferencia en el Capitolio. Pero el secuestro de Peter y el hallazgo de una mano tatuada con cinco enigm&#xE1;ticos s&#xED;mbolos cambian dr&#xE1;sticamente el curso de los acontecimientos. Atrapado entre las exigencias de una mente perturbada y la investigaci&#xF3;n oficial, Langdon se ve inmerso en un mundo clandestino de secretos mas&#xF3;nicos, historia oculta y escenarios nunca antes vistos, que parecen arrastrarlo hacia una sencilla pero inconcebible verdad. Con la ayuda de Katherine Solomon, hermana de Peter y experta en ciencias neo&#xE9;ticas, Robert Langdon tiene doce horas para salvar a su amigo y, al mismo tiempo, evitar que uno de los secretos mejor guardados de nuestra historia caiga en manos equivocadas... Dan Brown vuelve a retar a los lectores con una historia inteligente y de ritmo vertiginoso que ofrece sorpresas en cada p&#xE1;gina. El s&#xED;mbolo perdido es lo que los fans del autor estaban esperando: su novela m&#xE1;s emocionante.</subfield>
  </datafield>
  <datafield tag="534" ind1=" " ind2=" ">
    <subfield code="p">T&#xFFFD;tulo original : </subfield>
    <subfield code="t">The lost symbol.</subfield>
  </datafield>
  <datafield tag="650" ind1=" " ind2=" ">
    <subfield code="a">Criptograf&#xFFFD;a</subfield>
    <subfield code="v"> Novela.</subfield>
  </datafield>
  <datafield tag="650" ind1=" " ind2="4">
    <subfield code="a">Masoner&#xFFFD;a</subfield>
    <subfield code="v"> Novela.</subfield>
  </datafield>
  <datafield tag="650" ind1=" " ind2="4">
    <subfield code="a">Sociedades secretas</subfield>
    <subfield code="v"> Novela.</subfield>
  </datafield>
  <datafield tag="650" ind1=" " ind2="4">
    <subfield code="a">Novela estadounidense.</subfield>
  </datafield>
  <datafield tag="651" ind1=" " ind2="4">
    <subfield code="a">Washington (Estados Unidos)</subfield>
    <subfield code="x"> Descripci&#xFFFD;n</subfield>
    <subfield code="v"> Novela.</subfield>
  </datafield>
  <datafield tag="700" ind1="1" ind2=" ">
    <subfield code="a">Conde, Claudia, </subfield>
    <subfield code="e">traductora.</subfield>
  </datafield>
  <datafield tag="700" ind1="1" ind2=" ">
    <subfield code="a">D&#xFFFD;ez P&#xFFFD;rez, Mar&#xFFFD;a Jos&#xFFFD;, </subfield>
    <subfield code="e">traductora.</subfield>
  </datafield>
  <datafield tag="700" ind1="1" ind2=" ">
    <subfield code="a">Montoto, Aleix, </subfield>
    <subfield code="e">traductor.</subfield>
  </datafield>
  <datafield tag="942" ind1=" " ind2=" ">
    <subfield code="2">ddc</subfield>
    <subfield code="c">BKLIT</subfield>
  </datafield>
  <datafield tag="949" ind1=" " ind2=" ">
    <subfield code="a">n               </subfield>
    <subfield code="b">n</subfield>
  </datafield>
  <datafield tag="999" ind1=" " ind2=" ">
    <subfield code="c">14457</subfield>
    <subfield code="d">14457</subfield>
  </datafield>
  <datafield tag="952" ind1=" " ind2=" ">
    <subfield code="0">0</subfield>
    <subfield code="1">0</subfield>
    <subfield code="2">ddc</subfield>
    <subfield code="4">0</subfield>
    <subfield code="7">0</subfield>
    <subfield code="8">LA</subfield>
    <subfield code="a">BPMOS</subfield>
    <subfield code="b">BPMOS</subfield>
    <subfield code="d">2022-08-26</subfield>
    <subfield code="e">Compra BPSJBM 2022</subfield>
    <subfield code="i">NT</subfield>
    <subfield code="l">8</subfield>
    <subfield code="o">AN BROs </subfield>
    <subfield code="p">MOS502606</subfield>
    <subfield code="q">2023-08-25</subfield>
    <subfield code="r">2023-08-09</subfield>
    <subfield code="s">2023-08-09</subfield>
    <subfield code="t">EJ. 1</subfield>
    <subfield code="w">2022-08-26</subfield>
    <subfield code="y">BKLIT</subfield>
    <subfield code="z">Quince dias</subfield>
  </datafield>
</record>
